000 00440nam a2200181Ia 4500
005 20240823032124.0
008 240823s9999||||xx |||||||||||||| ||und||
041 _aTAMIL
082 _A133.5 Q2
100 _aPulipani Thasan
245 0 _aVasthu Purusanin Manaiyadi Sasthiram
250 _a1st
260 _c2012
_bKarpagam Publica
_aCoimbatore
500 _aDISPLAY
650 _aTamil Book
_bGeneral
942 _cBK
999 _c192695
_d192695